Chargement en cours...

Quantum mechanics, Vol.2

Détails bibliographiques
Auteur principal: Messiah, Albert; Potter, J
Format: Printed Book
Publié: North-Holland Publishing Co., New York 1975
Sujets:
LEADER 00519nam a2200193 4500
020
082 |a 530.12 MES-Q.2 
100 |a Messiah, Albert; Potter, J 
245 |a Quantum mechanics, Vol.2 
250
260 |a North-Holland Publishing Co., New York  |c 1975 
300
490
500
590 |a rvr 
650 |a Quantum mechanics; Physics 
942 |c BK 
999 |c 80194  |d 80194 
952 |0 0  |1 0  |4 0  |6 530_120000000000000_MESQ_2  |7 0  |9 93662  |a PHY  |b PHY  |l 0  |o 530.12 MES-Q.2  |p PHY01875  |r 2019-09-24  |w 2019-09-24  |y BK